000 00498nmm a2200169Ia 4500
008 251105s9999||||xx |||||||||||||||||und||
020 _a9789587416305
041 _aspa
100 _aMartínez Marrero, Emilio
245 0 _aOsteología
264 _a[Bogotá, Colombia] :
_bUniversidad del Norte,
_c2015
300 _a136 páginas
490 _aSistema musculoesquelético: Guía de prácticas
650 _aMedicine
856 _uhttps://public.digitaliapublishing.com/a/40678
942 _cCF
999 _c95955
_d95955